| 000 | 01711nam a2200481 i 4500 | ||
|---|---|---|---|
| 001 | 54880 | ||
| 003 | KOSZ 005 | ||
| 005 | 20220927140313.0 | ||
| 008 | 080317s2006 pl f f |001 0 pol | ||
| 015 | _aPB 3455/2007 | ||
| 020 | _a8372515921 | ||
| 040 |
_cKOSZ 005 _aKOSZ 005 _dKOSZ 005/HR |
||
| 041 | 0 | _apol | |
| 046 | _k2003 | ||
| 080 | _a657.6 | ||
| 080 | _a657.41/.45 | ||
| 080 | _a346.52(438) | ||
| 080 | _a347.728.1(438) | ||
| 080 | _a(07) | ||
| 245 | 0 | 0 |
_aSprawozdanie finansowe bez tajemnic : _brachunkowość finansowa w praktyce : praca zbiorowa / _cpod red. Gertrudy Krystyny Świderskiej i Wojciecha Więcława ; [aut. Gertruda Krystyna Świderska et al.]. |
| 250 | _aWyd. 2. | ||
| 260 |
_aWarszawa : _bManagement Accounting Consulting : _bCentrum Doradztwa i Informacji Difin, _ccop. 2006. |
||
| 300 |
_a817 s. pag. varia ; _c23 cm. |
||
| 336 |
_2rdacontent _aTekst _btxt |
||
| 337 |
_2rdamedia _aBez urządzenia pośredniczącego _bn |
||
| 338 |
_2rdacarrier _aWolumin _bnc |
||
| 380 | _aKsiążki. | ||
| 380 | _aPublikacje fachowe. | ||
| 388 | _a2001- | ||
| 504 | _aBibliogr. przy rozdz. Indeks. | ||
| 650 | 4 | _aPrawo | |
| 650 | 4 | _aSprawozdawczość finansowa | |
| 650 | 4 | _aRachunkowość finansowa | |
| 651 | 4 | _aPolska | |
| 655 | 4 | _aPraca zbiorowa | |
| 655 | 4 | _aPodręcznik | |
| 658 | _aGospodarka, ekonomia, finanse | ||
| 700 | 1 |
_aŚwiderska, Gertruda Krystyna _d(1942- ) _eAutor _eRedakcja |
|
| 700 | 1 |
_aWięcław, Wojciech _d(1972- ) _eRedakcja |
|
| 710 | 2 | _aDifin | |
| 856 |
_uhttp://koha.tu.koszalin.pl/cgi-bin/koha/opac-detail.pl?biblionumber=54880 _yKatalog online BPK |
||
| 942 |
_cKS _2UKD |
||
| 999 |
_c54880 _d54880 |
||